Rue's Lullaby - Hunger Games Quiz Stats

 Plays Quiz not verified by Sporcle

Challenge
Share
Tweet
Embed
Score 0/20 Timer 06:00
0 Plays Today
First Part Second Part % Correct
Deep in the meadow,under the willow
88%
a bed of grass,a soft green pillow
83.3%
here is the placewhere i love you
82.4%
here is the placewhere i love you
82.4%
Who did they sing it to?rue
77.8%
Who sings this?katniss
75%
here its safe,here its warm
74.1%
here its safe,here its warm
74.1%
Did they die?yes
74.1%
and when again they open,the sun will rise
72.2%
First Part Second Part % Correct
Who killed the above person?marvel
70.4%
lay down your head,and close your sleepy eyes
69.4%
here the daisies,guard you from every harm
62%
here the daisies,guard you from every harm
62%
here your dreams are sweet,and tomorrow brings them true
59.3%
here your dreams are sweet,and tomorrow brings them true
59.3%
Deep in the meadow,hidden far away
51.9%
a cloak of leaves,a moonbeam ray
50.9%
and when again its morning,they'll wash away
49.1%
forget your woes,and let your troubles lay
47.2%

You're not logged in!

Compare scores with friends on all Sporcle quizzes.
Join for Free
OR
Log In

You Might Also Like...

Show Comments

Extras

Top Quizzes Today


Score Distribution

Your Account Isn't Verified!

In order to create a playlist on Sporcle, you need to verify the email address you used during registration. Go to your Sporcle Settings to finish the process.

Report this User

Report this user for behavior that violates our Community Guidelines.

Details: